Cognitive style and learning : performance of adaptors and innovators in a novel dynamic task /

Bibliographic Details
Main Author: Pounds, Julia
Corporate Authors: United States. Office of Aviation Medicine, Civil Aeromedical Institute
Other Authors: Bailey, Larry L.
Format: Government Document Microform Book
Language:English
Published: Washington, D.C. : Springfield, Va. : U.S. Dept. of Transportation, Federal Aviation Administration, Office of Aviation Medicine ; Available through the National Technical Information Service, [1999]
Subjects:
Online Access:https://purl.fdlp.gov/GPO/LPS85065

MARC

Tag First Indicator Second Indicator Subfields
LEADER 00000cam a2200000Ia 4500
001 in00000005357
007 he bmb024bbca
008 990902s1999 dcua bbt f000 0 eng d
005 20230331144140.6
035 |a (OCoLC)ocm43720451 
035 |9 AJK2894AM 
035 |a in00000005357 
040 |a EEX  |c EEX  |d GPO  |d MvI  |d UtOrBLW 
049 |a UMIC 
049 |a WWW 
074 |a 0431-E-04 (MF) 
074 |a 0431-E-04 (online) 
086 0 |a TD 4.210:99/12 
100 1 |a Pounds, Julia. 
245 1 0 |a Cognitive style and learning :  |b performance of adaptors and innovators in a novel dynamic task /  |c Julia Pounds, Larry L. Bailey. 
246 3 0 |a Performance of adaptors and innovators in a novel dynamic task 
264 1 |a Washington, D.C. :  |b U.S. Dept. of Transportation, Federal Aviation Administration, Office of Aviation Medicine ;  |a Springfield, Va. :  |b Available through the National Technical Information Service,  |c [1999] 
300 |a 9 pages :  |b illustrations ;  |c 28 cm. 
336 |a text  |b txt  |2 rdacontent 
337 |a microform  |b h  |2 rdamedia 
338 |a microfiche  |b he  |2 rdacarrier 
500 |a Shipping List Date: 07/02/99 
513 |a Final report. 
500 |a Cover title. 
500 |a Performed by the FAA Civil Aeromedical Institute. 
500 |a "DOT/FAA/AM-99/12." 
500 |a "April 1999." 
504 |a Includes bibliographical references (pages 8-9). 
533 |a Microfiche.  |b [Washington, D.C.] :  |c Supt. of Docs., U.S. G.P.O.,  |d 1999.  |e 1 microfiche : negative 
530 |a Also available via Internet from the FAA web site. Address as of 8/21/07: http://www.faa.gov/library/reports/medical/oamtechreports/1990s/media/AM99-12.pdf; current access is available via PURL. 
500 |a Microform. 
650 0 |a Air traffic controllers  |x Performance. 
650 0 |a Air traffic controllers  |x Knowledge and learning. 
700 1 |a Bailey, Larry L. 
710 1 |a United States.  |b Office of Aviation Medicine. 
710 2 |a Civil Aeromedical Institute. 
856 4 1 |u https://purl.fdlp.gov/GPO/LPS85065  |t 0 
999 |a MARS 
999 f f |i 1444eefd-be63-3456-a8a9-ea9707e1dc71  |s fd8cdc47-82d9-32fa-8463-6941a336b7f9  |t 0 
952 f f |p normal  |a Texas A&M University  |b College Station  |c Sterling C. Evans Library  |d Evans: US Documents Microfiche (3rd floor)  |t 0  |e TD 4.210:99/12  |h Superintendent of Documents classification  |i microform -- microfiche  |m A14824326904 
952 f f |a Texas A&M University  |b College Station  |c Electronic Resources  |d Available Online  |t 0  |e TD 4.210:99/12  |h Superintendent of Documents classification 
998 f f |a TD 4.210:99/12  |t 0  |l Available Online 
998 f f |a TD 4.210:99/12  |t 0  |l Evans: US Documents Microfiche (3rd floor)